Geografía de las plantas (Registro nro. 15678)

Detalles MARC
000 -CABECERA
Campo de control 003970000a22001090004500
090 ## - CLASIFICACIÓN LOCAL
Colección As
Consecutivo Seriadas
041 0# - IDIOMA
Código de idioma para texto/pista de sonido o título separado
100 1# - ASIENTO PRINCIPAL--NOMBRE PERSONAL
Nombre personal Barón de Humboldt, Federico Alejandro
245 10 - MENCION DE TITULO
Título Geografía de las plantas
Version cuadro físico de las regiones ecuatoriales
773 1# - Item fuente:
Título Revista de la Academia Colombiana de Ciencias Exactas, Físicas y Naturales
Descripción física 29
Paginas del Articulo 65-103
Lugar, editorial y fecha de publicación 1950
Información sobre la relación 8
942 ## - ELEMENTOS ADICIONALES (KOHA)
Tipo de ítem Artículo

No hay ítems disponibles.